000 00752nam a22002417a 4500
003 UA-OsUOA
001 36829
007 ta
008 20060215b un ||||| |||| 00| 0 ukr d
090 _a008(091)(100)
_bИ90
942 _cBK
040 _aUA-OsUOA
_bukr
_cUA-OsUOA
_dUA-OsUOA
245 _aІсторія світової культури. Культурні регіони
_bНавч. посібник
_cРед. Л.Т. Левчук
300 _a520 с.
955 _a2
041 _aukr
080 _a008(091)(100)
020 _a966-06-0171-9
260 _aК.
_bЛибідь
_c2000
250 _n3-тє вид., перероб. і доп.
650 7 _a008 Цивілізація. Культура. Прогрес
_2UDC
999 _c323089
_d323089